| Tag |
First Indicator |
Second Indicator |
Subfields |
| LEADER |
00000cam a2200000 4500 |
| 001 |
in00000072255 |
| 005 |
20151008052443.0 |
| 008 |
720314s1958 nyua 00000 eng u |
| 010 |
|
|
|a 58006336
|
| 035 |
|
|
|a (OCoLC)00263232
|
| 035 |
|
|
|9 AAH3413AM
|
| 040 |
|
|
|c WSU
|d OCL
|d TXA
|d UtOrBLW
|
| 049 |
|
|
|a TXAM
|
| 050 |
|
0 |
|a HV91
|b .V3 1958
|
| 082 |
0 |
|
|a 361.6
|b V332g
|
| 100 |
1 |
|
|a Vasey, Wayne.
|
| 245 |
1 |
0 |
|a Government and social welfare :
|b roles of federal, state, and local governments in administering welfare services /
|c Wayne Vasey.
|
| 264 |
|
1 |
|a New York :
|b Holt, Rinehart and Winston,
|c [1958]
|
| 264 |
|
4 |
|c ©1958
|
| 300 |
|
|
|a 506 pages :
|b illustrations ;
|c 22 cm.
|
| 336 |
|
|
|a text
|b txt
|2 rdacontent
|
| 337 |
|
|
|a unmediated
|b n
|2 rdamedia
|
| 338 |
|
|
|a volume
|b nc
|2 rdacarrier
|
| 504 |
|
|
|a Includes bibliographical references and index.
|
| 650 |
|
0 |
|a Public welfare
|z United States.
|
| 944 |
|
|
|a stk
|h REPL<101127>REP-LATEST<>REF<warant>
|m Replacement on order
|
| 999 |
|
|
|a MARS
|
| 999 |
f |
f |
|s 57cfec58-1b46-3b2b-9bc4-b35ea2b31990
|i f27a8239-0442-33f7-8d1f-6ec782e82a8a
|t 0
|
| 952 |
f |
f |
|p normal
|a Texas A&M University
|b College Station
|c Sterling C. Evans Library
|d Evans: Library Stacks
|t 0
|e HV91 .V3 1958
|h Library of Congress classification
|i unmediated -- volume
|m A14837325959
|
| 998 |
f |
f |
|a HV91 .V3 1958
|t 0
|l Evans: Library Stacks
|